Statistics for Fill in the Blank Christmas Song Lyrics

Click here to take the quiz!

General Stats

  • This quiz has been taken 216 times
  • The average score is 12 of 15

Answer Stats

HintAnswer% Correct
Jingle bells, jingle bells, jingle all the ___Way
96%
You better watch out, you better not ___Cry
95%
Last Christmas, I gave you my _____Heart
95%
Silent night, ____ nightHoly
93%
All I ____ for Christmas is youWant
93%
Rudolph the red-_____ reindeerNosed
91%
On the first day of Christmas, my ____ ____ gave to meTrue love
90%
Jingle bell, jingle bell, jingle bell ____Rock
86%
Just hear those ______ bells ringingSleigh
79%
God rest ye, merry _________Gentlemen
72%
Have a _____, _____ ChristmasHolly Jolly
66%
Joy to the world, the ____ is comeLord
66%
Hark! The ______ angels singHerald
57%
The first noel, the _____ did sayAngels
54%
Angels we have _____ on highHeard
46%

Score Distribution

Percentile by Number Answered

Percent of People with Each Score

Your Score History

You have not taken this quiz